Geografia con la lettera "J" - Statistics

Statistiche generali
  • Questo quiz è stato fatto 51 volte
  • Il punteggio medio è 4 su 8
Statistiche sulle risposte
Suggerimento Risposta % Corretto
Comune noto come meta turistica estiva; Veneto (Italia) Jesolo
93%
Città più popolosa del Sudafrica Johannesburg
88%
Isola autonoma, nota per il suo tessuto (Regno Unito) Jersey
47%
Capitale del Mississippi (USA) Jackson
37%
Città più popolosa della Florida Jacksonville
33%
Capitale dell'Alaska (USA) Juneau
33%
Suddivisione amministrativa più estesa del mondo (Parte est della Russia) Jacuzia
26%
Capitale del Missouri (USA) Jefferson City
19%
Nessun quiz corrispondente trovato
Distribuzione punteggi
Percentuale di utenti per punteggio
Percentile per numero di risposta
I tuoi punteggi nel tempo
Non hai fatto questo quiz